Al Pacino Movies Quiz Stats

 Plays Quiz Updated Feb 15, 2019

Score 0/48 Timer 08:00
10 Plays Today
Movie Movie Title % Correct
1972The Godfather
95.4%
1983Scarface
86.1%
1974The Godfather, Part II
75.5%
1990The Godfather, Part III
73.1%
1995Heat
70.3%
1992Scent of A Woman
68.5%
1975Dog Day Afternoon
57.7%
1993Carlito's Way
52.7%
1973Serpico
52.2%
1997The Devil's Advocate
47.9%
1999Any Given Sunday
45.9%
1997Donnie Brasco
39.1%
200888 Minutes
35.9%
2002Insomnia
34.7%
2007Ocean's Thirteen
32.8%
1990Dick Tracy
31.5%
2008Righteous Kill
29.7%
1989Sea of Love
27%
2004The Merchant of Venice
26.5%
1992Glengarry Glen Ross
24.3%
2015Danny Collins
24%
1991Frankie and Johnny
24%
1979...And Justice For All
23.7%
2003The Recruit
23.1%
Movie Movie Title % Correct
2002S1M0NE
21.2%
1971The Panic in Needle Park
19.5%
2012Stand Up Guys
19.2%
1996City Hall
19.1%
1999The Insider
19.1%
2005Two for the Money
18.6%
2017Hangman
16.9%
1980Cruising
16.7%
2016Misconduct
16.2%
2014Manglehorn
16%
2013Salomé
15.4%
2017The Pirates of Somalia
15.3%
1982Author! Author!
15.3%
2014The Humbling
14.3%
2003Gigli
14.1%
1973Scarecrow
12.6%
1977Bobby Deerfield
12.4%
1985Revolution
11.7%
1969Me, Natalie
8.4%
2000Chinese Coffee
7.7%
2002People I Know
7.7%
1995Two Bits
7.6%
1990The Local Stigmatic
5.9%
2011The Son of No One
3.9%

You're not logged in!

Compare scores with friends on all Sporcle quizzes.
OR
Log In

Show Comments

Extras

Top Quizzes Today


Score Distribution

Your Account Isn't Verified!

In order to create a playlist on Sporcle, you need to verify the email address you used during registration. Go to your Sporcle Settings to finish the process.

Report this User

Report this user for behavior that violates our Community Guidelines.

Details: